Finanzas internacionales. Un estudio de los mercados y de la administración financiera de empresas multinacionales
محفوظ في:
| المؤلف الرئيسي: | |
|---|---|
| التنسيق: | كتاب |
| اللغة: | الإسبانية |
| منشور في: |
Ciudad de México, México
McGraw-Hill
1997
|
| الطبعة: | Tercera edición |
| الموضوعات: | |
| الوصول للمادة أونلاين: | Disponible Online - Cap. 1, 10, 11,18 y19 |
| الوسوم: |
إضافة وسم
لا توجد وسوم, كن أول من يضع وسما على هذه التسجيلة!
|
MARC
| LEADER | 00000nam a2200000 a 4500 | ||
|---|---|---|---|
| 001 | UCS8563 | ||
| 003 | CL-VaPUC | ||
| 005 | 20240923163310.0 | ||
| 008 | 971107e19970000MX |||||||||||||||||spa|d | ||
| 999 | |c 262904 |d 262902 | ||
| 040 | |c Pontificia Universidad Católica de Valparaíso | ||
| 082 | 0 | 4 | |a 382 LEV 1997 |2 21 |
| 100 | 0 | |a Levi, Maurice D |e author |9 393367 | |
| 245 | 1 | 0 | |a Finanzas internacionales. |b Un estudio de los mercados y de la administración financiera de empresas multinacionales |
| 250 | |a Tercera edición | ||
| 260 | |a Ciudad de México, México |b McGraw-Hill |c 1997 | ||
| 300 | |a 707 páginas | ||
| 583 | |a last modification |c 19971107 00:00:00 |k Rodrigo Vera | ||
| 650 | 0 | |a Finanzas internacionales |2 CL-VaPUC |9 255570 | |
| 650 | 0 | |a Comercio exterior |2 CL-VaPUC |9 257617 | |
| 650 | 0 | |a Balanza de pagos |9 316476 | |
| 650 | 0 | |a Mercado de opciones |9 469650 | |
| 856 | |u http://bibliografiadigital.pucv.cl.pucv.idm.oclc.org/index.php/bibliotecapucv/catalog/book/715 |y Disponible Online - Cap. 1, 10, 11,18 y19 | ||
| 942 | |c BK |2 ddc | ||
| 945 | |d 19971107 00:00:00 |a rleighto | ||
| 952 | |0 0 |1 0 |4 0 |6 382_000000000000000_LEV_1997 |7 0 |8 R |9 291840 |a BIBENE |b BIBENE |d 2019-11-19 |i 336125K |o 382 LEV 1997 |p 336125K |r 2025-01-15 |w 2019-11-19 |y BK_R |k ICO | ||
| 952 | |0 0 |1 0 |4 0 |6 382_000000000000000_LEV_1997 |7 0 |8 R |9 291841 |a BIBGIM |b BIBGIM |d 2019-11-19 |i 3407969 |o 382 LEV 1997 |p 3407969 |r 2025-01-15 |w 2019-11-19 |y BK_R |k COM | ||
| 952 | |0 0 |1 0 |4 0 |6 382_000000000000000_LEV_1997 |7 0 |8 R |9 291842 |a BIBGIM |b BIBGIM |d 2019-11-19 |i 3410560 |l 1 |o 382 LEV 1997 |p 3410560 |r 2025-01-15 |s 2021-08-27 |w 2019-11-19 |y BK_R |k COM | ||
| 952 | |0 0 |1 0 |4 0 |6 382_000000000000000_LEV_1997 |7 0 |8 R |9 291843 |a BIBENE |b BIBENE |d 2019-11-19 |i 3444724 |o 382 LEV 1997 |p 3444724 |r 2025-01-15 |w 2019-11-19 |y BK_R |k ICO | ||
| 952 | |0 0 |1 0 |4 0 |6 382_000000000000000_LEV_1997 |7 0 |8 R |9 291844 |a BIBENE |b BIBENE |d 2019-11-19 |i 3644863 |o 382 LEV 1997 |p 3644863 |r 2025-01-15 |w 2019-11-19 |y BK_R |k ICO | ||
| 952 | |0 0 |1 0 |4 0 |6 382_000000000000000_LEV_1997 |7 0 |8 R |9 291845 |a BIBENE |b BIBENE |d 2019-11-19 |i 3644855 |o 382 LEV 1997 |p 3644855 |r 2025-01-15 |w 2019-11-19 |y BK_R |k ICO | ||
| 952 | |0 0 |1 0 |4 0 |6 382_000000000000000_LEV_1997 |7 0 |8 R |9 291846 |a BIBENE |b BIBENE |d 2019-11-19 |i 3644847 |o 382 LEV 1997 |p 3644847 |r 2025-01-15 |w 2019-11-19 |y BK_R |k ICO | ||
| 952 | |0 0 |1 0 |4 0 |6 382_000000000000000_LEV_1997 |7 0 |8 A |9 291847 |a BIBMEC |b BIBMEC |d 2019-11-19 |i 3685179 |o 382 LEV 1997 |p 3685179 |r 2024-01-19 |w 2019-11-19 |y BK |k MEC | ||